| 000 | 00453cam a2200181ua 4500 | ||
|---|---|---|---|
| 001 | 753 | ||
| 008 | 110419n ii |||gr||||Z||||||eng | ||
| 040 | _cMAIN | ||
| 082 | _a352.054 | ||
| 245 | 1 |
_aLocal self government in India. _cBy M P Sharma. |
|
| 250 | _a6th. | ||
| 260 |
_aLuknow.: _bKitab mahal.,967. |
||
| 300 | _a168 p.:5 cm. | ||
| 653 | _aPolitical science. | ||
| 653 | _aLocal self government in India. | ||
| 700 | 1 | _aSharma, M P., | |
| 942 | _cBK | ||
| 999 |
_c679 _d679 |
||